LEADER 01468nam--2200469---450- 001 990001776240203316 005 20050614163450.0 035 $a000177624 035 $aUSA01000177624 035 $a(ALEPH)000177624USA01 035 $a000177624 100 $a20040621d197778--km-y0itay0103----ba 101 0 $aita 102 $aIT 105 $a||||||||001yy 200 1 $a"Approches sans entraves"$escritti di filosofia cristiana$fJacques Maritain$gprefazione di Ernst R. Korn 210 $aRoma$cCittà Nuova$d1977-78 215 $a2 v.$d20 cm. 225 2 $aFilosofia$v1-2 300 $aTrad. di Gaspare Mura, Paolo Nepi e Marco Ivaldo 327 1 $a : 317 p. - : 404 p. 410 0$12001$aFilosofia$v1-2 454 1$12001$aApproches sans entraves$929756 461 1$1001-------$12001 606 0 $aCristianesimo 676 $a201 700 1$aMARITAIN,$bJacques$0126203 702 1$aKORN,$bErnst R. 702 1$aMURA,$bGaspare 702 1$aNEPI,$bPaolo 702 1$aIVALDO,$bMarco 801 0$aIT$bsalbc$gISBD 912 $a990001776240203316 951 $aII.2. 2990/1(IV C coll. 330/1)$b93579 L.M.$cIV C 951 $aII.2. 2990/2(IV C coll. 330/2)$b93580 L.M.$cIV C 959 $aBK 969 $aUMA 979 $aSIAV8$b10$c20040621$lUSA01$h1532 979 $aCOPAT3$b90$c20050614$lUSA01$h1511 979 $aCOPAT5$b90$c20050614$lUSA01$h1634 996 $aApproches sans entraves$929756 997 $aUNISA LEADER 03781nam 22006375 450 001 9910350360003321 005 20251116212018.0 010 $a981-13-3411-0 024 7 $a10.1007/978-981-13-3411-5 035 $a(CKB)4100000007656554 035 $a(DE-He213)978-981-13-3411-5 035 $a(MiAaPQ)EBC5718474 035 $a(PPN)235002682 035 $a(EXLCZ)994100000007656554 100 $a20190221d2019 u| 0 101 0 $aeng 135 $aurnn#008mamaa 181 $ctxt$2rdacontent 182 $cc$2rdamedia 183 $acr$2rdacarrier 200 10$aDNA Traffic in the Environment /$fedited by Hiromi Nishida, Taku Oshima 205 $a1st ed. 2019. 210 1$aSingapore :$cSpringer Singapore :$cImprint: Springer,$d2019. 215 $a1 online resource (VII, 278 p. 39 illus., 25 illus. in color.) 311 08$a981-13-3410-2 327 $aBacteria -- Functions of archaeal nucleoid proteins: archaeal silencers are still missing -- Acquired and innate immunity in prokaryote define their evolutionary story -- Mobile genetic elements -- Viruses of the archaea and evolution of life -- Overlooked ?broad-host range vector particles? (VPs) in the environ -- Bacteria-virus interaction -- Plasmids and their hosts -- Bacterial transposable elements -- RNA-mediated crosstalk between bacterial host genome and foreign genetic elements -- Extracellular DNA in seawater and marine sediment -- Acquiring phenotypic diversification on genomic diversification. 330 $aThis book comprehensively discusses our current understanding of the role and biological mechanisms of horizontal transfer of genetic elements in the environment, which has been important in the evolution of prokaryotes (archaea and bacteria). Horizontal transfer of genetic elements generates variations of prokaryotes and their genomes. Comparative studies of genomes revealed that it frequently occurred during archaeal and bacterial evolution. The book introduces a variety of studies related to horizontal gene transfer, gene silencing, plasmids, phages, transposons, and the emergence of microbes that degrade man-made xenobiotics and have antimicrobial resistance. Written by leading researchers in DNA traffic, the book is a valuable guide to horizontal transfer for both young scientists and experts in the field. 606 $aMicrobial genetics 606 $aMicrobial genomics 606 $aMicrobial ecology 606 $aEvolution (Biology) 606 $aBiodiversity 606 $aDrug resistance 606 $aMicrobial Genetics and Genomics$3https://scigraph.springernature.com/ontologies/product-market-codes/L32010 606 $aMicrobial Ecology$3https://scigraph.springernature.com/ontologies/product-market-codes/L19082 606 $aEvolutionary Biology$3https://scigraph.springernature.com/ontologies/product-market-codes/L21001 606 $aBiodiversity$3https://scigraph.springernature.com/ontologies/product-market-codes/L19031 606 $aDrug Resistance$3https://scigraph.springernature.com/ontologies/product-market-codes/B16020 615 0$aMicrobial genetics. 615 0$aMicrobial genomics. 615 0$aMicrobial ecology. 615 0$aEvolution (Biology) 615 0$aBiodiversity. 615 0$aDrug resistance. 615 14$aMicrobial Genetics and Genomics. 615 24$aMicrobial Ecology. 615 24$aEvolutionary Biology. 615 24$aBiodiversity. 615 24$aDrug Resistance. 676 $a579.135 702 $aNishida$b Hiromi$4edt$4http://id.loc.gov/vocabulary/relators/edt 702 $aO?shima$b Taku$4edt$4http://id.loc.gov/vocabulary/relators/edt 906 $aBOOK 912 $a9910350360003321 996 $aDNA Traffic in the Environment$91994025 997 $aUNINA